00375 2200157 4500245003900000020002200039250001000061700001400071650002000085005001900105260004100124041001400165084000800179300002100187336000900208 aSayat Sayat SunyicAyu WulanhText a978-602-5701-05-4 aCet.1 aAyu Wulan aFiksi Indonesia a20240925142557 aSurakartabIndiva Media Kreasic2019 aIndonesia a813 a344 hlm :c19 cm atext